000 00888cab a22002175a 4500
001 L159174
008 160224e20160220xxk 000 0 eng d
035 _a(Sirsi) u159174
041 0 _aeng
100 1 _aGuyatt, Richard
245 0 0 _aLearning from the American Way
260 _c2016
490 _aEstates Gazette
_v(1607) 20 February 2016, 66-68(3)
520 _aCompares UK and USA compulsory purchase regimes. Discusses two reports issued ten years ago by the Law Commission which recommended change but they were shelved by the government. Argues that compared to compulsory purchase legislation in the USA the UK does not provide the appropriate balance between those assembling land and those being dispossessed.
590 _aKA
651 4 _aUnited Kingdom
651 4 _aUnited States
690 _aCompulsory purchase
_96228
700 1 _aSmith, Colin
942 _n0
999 _c84821
_d84821